000 01295cam a22003134a 4500
999 _c177
_d177
001 13027876
003 OSt
005 20260306020204.0
008 021211s2004 paua b 001 0 eng
010 _a 2002043361
020 _a0781743109
035 _a(DNLM)101161892
040 _aDNLM/DLC
_cDLC
_dDLC
042 _apcc
050 0 0 _aQM601
_b.L35 2004
060 1 0 _aQS 604
_bS126m 2003
082 0 0 _aQS604 S15l 2004
_221
100 1 _aSadler, T. W.; Langman, Jan.
_9436
245 1 0 _aLangman's Medical Embryology.
250 _a9th ed.
260 _aPhiladelphia, Pa. :
_bLippincott Williams & Wilkins,
_cc2004.
300 _ax, 534 p. :
_bill. (chiefly col.) ;
_c23 cm. +
_e1 CD-ROM (4 3/4 in.)
504 _aIncludes bibliographical references and index.
538 _aSystem requirements for accompanying disk: Pentium 200MHz or faster CPU ; Windows 98, 2000, ME, XP, or NT. 4.0 or Macintosh OS ; SVGA monitor supporting at least 256 colors ; 12x CD-ROM drive ; Internet Explorer 5.0 or higher or Netscape 4.7 or higher ; Flash 5.0 or higher.
650 0 _aEmbryology, Human.
_9204
906 _a7
_bcbc
_corignew
_d1
_eocip
_f20
_gy-gencatlg
942 _2z
_cB_BANK
_01